00546nam a22001577a 4500003000400000005001700004008004100021020001800062040000900080100002100089245013600110260007900246300001100325490002500336650002700361OSt20130410124202.0130409s2012 sp ||||| |||| 00| 0 cat d a9788447536405 cCDMR1 aBilbeny, Norbert10aÉtica del periodismob: [la defensa del interés público por medio de una información libre, veraz y justa]cNorbert Bilbeny aBarcelonabPublicacions i Edicions de la Universitat de BarcelonacDL 2012 a148 p.0 aPeriodismo activov204aÈtica periodística